Normal view
MARC view
- Eliot, T. S.
Entry Personal Name
001 - CONTROL NUMBER
- control field: 14964
003 - CONTROL NUMBER IDENTIFIER
- control field: OSt
005 - DATE AND TIME OF LATEST TRANSACTION
- control field: 20260202134215.0
008 - FIXED-LENGTH DATA ELEMENTS
- fixed length control field: 260202|| aca||aabn | a|a d
040 ## - CATALOGING SOURCE
- Original cataloging agency: OSt
- Transcribing agency: OSt
100 ## - HEADING--PERSONAL NAME
- Personal name: Eliot, T. S.
- Fuller form of name: (Thomas Stearns),
- Dates associated with a name: 1888-1965
670 ## - SOURCE DATA FOUND
- Source citation: Work cat.: (OSt)5932: Eliot, T. S. (Thomas Stearns), 1888-1965, author., Murder in the cathedral /